| 000 | 00481nam a22001337a 4500 | ||
|---|---|---|---|
| 008 | 160416b xxu||||| |||| 00| 0 eng d | ||
| 082 |
_22004 _aUT 0117 _bEd84 |
||
| 100 |
_95786 _aEdulan, Juzail Brian T. |
||
| 245 |
_aSelected work of William Shakespeare and it's implication to present realities/ _cJuzail Brian T. Edulan. |
||
| 260 |
_aDigos City: _bUMDC _cMarch 2004. |
||
| 300 |
_a45 pages. _c29 cm. |
||
| 650 | 0 |
_95787 _aLiberal Arts _vEnglish _xUndergraduate thesis. |
|
| 942 |
_2ddc _cUT |
||
| 999 |
_c1823 _d1823 |
||